NHL Top Point Leaders 24-25 - Statistics

General Stats
  • This quiz has been taken 129 times
  • The average score is 46 of 100
Answer Stats
Team GP G P Answer % Correct
Colorado Avalanche 79 32 116 Nathan MacKinnon
99%
Tampa Bay Lightning 78 37 121 Nikita Kucherov
98%
Edmonton Oilers 71 52 106 Leon Draisaitl
97%
Edmonton Oilers 67 26 100 Connor McDavid
95%
Colorado Avalanche 80 30 92 Cale Makar
92%
Toronto Maple Leafs 81 27 102 Mitch Marner
92%
Pittsburgh Penguins 80 33 91 Sidney Crosby
92%
Vegas Golden Knights 77 28 94 Jack Eichel
91%
Boston Bruins 82 43 106 David Pastrnak
90%
New York Rangers 80 37 89 Artemi Panarin
86%
Winnipeg Jets 82 41 97 Kyle Connor
86%
Utah Mammoth 81 30 90 Clayton Keller
79%
Dallas Stars 82 32 88 Mikko Rantanen
78%
Montreal Canadiens 82 30 59 Nick Suzuki
78%
Toronto Maple Leafs 82 45 84 William Nylander
77%
Winnipeg Jets 82 39 87 Mark Scheifele
74%
Florida Panthers 79 39 81 Sam Reinhart
71%
New Jersey Devils 81 21 88 Jesper Bratt
70%
Toronto Maple Leafs 67 33 78 Auston Matthews
69%
Tampa Bay Lightning 82 35 90 Brandon Hagel
69%
Tampa Bay Lightning 77 42 82 Brayden Point
67%
Carolina Hurricanes 79 29 74 Sebastian Aho
66%
Vancouver Canucks 68 16 76 Quinn Hughes
65%
Columbus Blue Jackets 81 23 82 Zach Werenski
65%
Washington Capitals 65 44 73 Alex Ovechkin
64%
Ottawa Senators 82 24 79 Tim Stützle
63%
Nashville Predators 82 31 76 Filip Forsberg
62%
New Jersey Devils 62 27 70 Jack Hughes
62%
Dallas Stars 82 35 80 Jason Robertson
62%
Detroit Red Wings 82 27 80 Lucas Raymond
62%
Toronto Maple Leafs 75 38 74 John Tavares
60%
Washington Capitals 82 29 82 Dylan Strome
59%
Colorado Avalanche 79 27 83 Martin Necas
59%
St. Louis Blues 70 21 81 Robert Thomas
59%
Los Angeles Kings 81 35 73 Adrian Kempe
58%
Florida Panthers 67 20 71 Aleksander Barkov
58%
Tampa Bay Lightning 80 41 80 Jake Guentzel
57%
Buffalo Sabres 76 44 72 Tage Thompson
56%
Montreal Canadiens 82 37 70 Cole Caufield
55%
Detroit Red Wings 82 30 70 Dylan Larkin
55%
Philadelphia Flyers 82 24 76 Travis Konecny
55%
Los Angeles Kings 81 21 67 Anze Kopitar
53%
Minnesota Wild 82 27 73 Matt Boldy
53%
Chicago Blackhawks 82 23 67 Connor Bedard
50%
Vegas Golden Knights 66 19 67 Mark Stone
50%
Calgary Flames 82 35 67 Nazem Kadri
49%
Edmonton Oilers 82 14 67 Evan Bouchard
48%
Detroit Red Wings 82 39 70 Alex DeBrincat
47%
St. Louis Blues 82 36 70 Jordan Kyrou
47%
Dallas Stars 82 30 82 Matt Duchene
47%
Tampa Bay Lightning 79 15 66 Victor Hedman
47%
New Jersey Devils 75 35 69 Nico Hischier
45%
Buffalo Sabres 73 17 68 Rasmus Dahlin
45%
Montreal Canadiens 82 6 66 Lane Hutson
43%
Dallas Stars 76 28 67 Roope Hintz
41%
Washington Capitals 76 30 66 Aliaksei Protas
40%
Columbus Blue Jackets 79 31 74 Kirill Marchenko
40%
Dallas Stars 82 33 71 Wyatt Johnston
40%
San Jose Sharks 70 25 63 Macklin Celebrini
38%
Carolina Hurricanes 73 32 67 Seth Jarvis
37%
Ottawa Senators 82 26 68 Drake Batherson
36%
Pittsburgh Penguins 81 35 70 Rickard Rakell
35%
Buffalo Sabres 77 27 68 JJ Peterka
34%
New York Rangers 82 20 62 Mika Zibanejad
33%
New York Rangers 72 22 70 J.T. Miller
31%
Buffalo Sabres 82 36 67 Alex Tuch
30%
Winnipeg Jets 80 14 62 Josh Morrissey
29%
Calgary Flames 81 28 62 Jonathan Huberdeau
28%
Utah Mammoth 75 25 65 Logan Cooley
28%
Washington Capitals 81 33 65 Tom Wilson
28%
New York Rangers 74 10 61 Adam Fox
27%
Pittsburgh Penguins 71 31 65 Bryan Rust
27%
Philadelphia Flyers 80 26 63 Matvei Michkov
27%
Florida Panthers 52 22 57 Matthew Tkachuk
26%
Winnipeg Jets 69 24 63 Nikolaj Ehlers
24%
Los Angeles Kings 81 35 60 Kevin Fiala
22%
Detroit Red Wings 72 21 59 Patrick Kane
22%
Washington Capitals 82 20 66 Pierre-Luc Dubois
22%
Tampa Bay Lightning 80 27 59 Anthony Cirelli
21%
Chicago Blackhawks 80 31 62 Ryan Donato
20%
Ottawa Senators 80 11 57 Jake Sanderson
19%
Dallas Stars 83 22 66 Mikael Granlund
19%
Toronto Maple Leafs 78 29 58 Matthew Knies
17%
St. Louis Blues 77 26 63 Dylan Holloway
16%
Seattle Kraken 82 22 61 Jared McCann
16%
Boston Bruins 77 33 57 Morgan Geekie
14%
Vegas Golden Knights 67 7 57 Shea Theodore
14%
New York Rangers 82 26 59 Vincent Trocheck
14%
San Jose Sharks 77 17 58 William Eklund
14%
Minnesota Wild 82 24 60 Marco Rossi
13%
New York Islanders 81 28 57 Bo Horvat
12%
Columbus Blue Jackets 54 19 57 Sean Monahan
12%
Chicago Blackhawks 82 15 58 Teuvo Teravainen
12%
Vegas Golden Knights 73 32 61 Tomas Hertl
12%
Washington Capitals 82 26 57 Connor McMichael
10%
Utah Mammoth 82 20 63 Nick Schmaltz
10%
Utah Mammoth 70 27 60 Dylan Guenther
9%
Winnipeg Jets 71 27 61 Gabriel Vilardi
6%
St. Louis Blues 76 20 57 Pavel Buchnevich
2%
Columbus Blue Jackets 68 24 57 Kent Johnson
1%
No matching quizzes found
Score Distribution
Percent of People with Each Score
Percentile by Number Answered
Your Score History
You have not taken this quiz